000 00928nas a2200301 4500
001 BR0402616
003 BR-BrBNA
005 20231205104539.0
007 ta
008 230509b bl.|||p| |||| 00| 00por d
040 _aBR-BrBNA
_bpor
_cBiblioteca Nacional de Agricultura
041 _a(Pt)
072 _aF30; H20
100 1 _aPeres, A.P.
100 1 _aSilva-Mann, R.
100 1 _aVieira, M. das G.C.
100 1 _aMachado, J. da C.
245 1 _aVariabilidade morfocultural e genética de fungos associados à podridão penduncular do mamão
650 _aMAMÃO
650 _aVARIAÇÃO GENÉTICA
650 _aFUNGO
650 _aDOENÇA DE PLANTA
650 _aPODRIDÃO PEDUNCULAR
650 _aMORFOLOGIA VEGETAL
773 0 _tCiência e Agrotecnologia (Brazil)
_xISSN 1413-7054
_g(Sep-Oct 2003), v. 27(5) p. 1053-1062
_wBR0402616
909 _a202311
_bLúcia
_c55
_dLúcia Elande
942 _2AGRIS
_n0
_cANA
999 _c178649
_d178649